| 000 | 00482nam a2200181Ia 4500 | ||
|---|---|---|---|
| 008 | 151202s9999||||xx |||||||||||||| ||und|| | ||
| 082 | _bPNVM-73071 | ||
| 100 | _aSharma Robin. | ||
| 245 | 4 | _aThe Monk Who Sold His Ferrari. | |
| 260 | _b"JAICO PUBLISHING HOUSE,MUMBAI." | ||
| 260 | _c73071 | ||
| 300 | _a201 | ||
| 600 | _aSharma Robin. | ||
| 630 | _aThe Monk Who Sold His Ferrari. | ||
| 700 | _aSharma Robin. | ||
| 730 | _aThe Monk Who Sold His Ferrari. | ||
| 942 | _cBOOK | ||
| 999 |
_c1339736 _d1339733 |
||